Quick Pick: Sports Stadiums Worldwide Quiz Stats

 Plays Quiz Updated Aug 17, 2019

Score 0/11 Timer 01:30
0 Plays Today
% Correct
Wembley Stadium
96.3%
Panathenaic Stadium
89.4%
Estadio Azteca
88.4%
Rose Bowl
86.2%
AT&T Stadium
83.1%
Celtic Park
82.8%
Lambeau Field
80.4%
Camp Nou
54%
The MCG
51.4%
Soccer City
50.8%
Rungrado May Day Stadium
47.7%

Today's Daily Dose

You're not logged in!

Compare scores with friends on all Sporcle quizzes.
OR
Log In

Sporcle TV

Today on Sporcle TV


Watch our educational content, quiz creation guides, and fun videos on Sporcle TV.

Show Comments

Extras

Top Quizzes Today


Score Distribution

Your Account Isn't Verified!

In order to create a playlist on Sporcle, you need to verify the email address you used during registration. Go to your Sporcle Settings to finish the process.

Report this User

Report this user for behavior that violates our Community Guidelines.

Details: